000 00293nam a2200121Ia 4500
008 241028s9999 xx 000 0 und d
041 _aeng
082 _a158.3 EVA
100 _aEvans
245 _aCounselling Skills For Dummies
260 _bWiley
_aNew Dehli
_c2014
300 _a330;. P. 24 cm
999 _c42813
_d42813